Statistics for Closest capital acrostics- M capitals

Click here to take the quiz!

General Stats

  • This quiz has been taken 70 times
  • The average score is 83 of 118

Answer Stats

HintAnswer% Correct
AAndorra la Vella
100%
IIslamabad
100%
MMonaco
100%
GGuatemala City
91%
IIslamabad
91%
IIslamabad
91%
IIslamabad
91%
MMexico City
91%
UUlaanbaatar
91%
UUlaanbaatar
91%
DDublin
87%
IIslamabad
87%
MMadrid
87%
MManagua
87%
UUlaanbaatar
87%
AAndorra la Vella
83%
AAsuncion
83%
CCaracas
83%
IIslamabad
83%
IIslamabad
83%
KKiev
83%
OOslo
83%
OOttawa
83%
RRabat
83%
AAbu Dhabi
78%
IIslamabad
78%
MMinsk
78%
MMonrovia
78%
MMoscow
78%
OOslo
78%
OOslo
78%
OOttawa
78%
OOuagadougou
78%
UUlaanbaatar
78%
UUlaanbaatar
78%
UUlaanbaatar
78%
WWarsaw
78%
AAbu Dhabi
74%
AAddis Ababa
74%
AAmman
74%
CCairo
74%
JJakarta
74%
MMaputo
74%
MMbabane
74%
MMogadishu
74%
NNassau
74%
OOttawa
74%
OOuagadougou
74%
OOuagadougou
74%
OOuagadougou
74%
OOuagadougou
74%
OOuagadougou
74%
OOuagadougou
74%
TTegucigalpa
74%
AAntananarivo
70%
AApia
70%
AAshgabat
70%
CChisinau
70%
CCopenhagen
70%
DDakar
70%
GGaborone
70%
MManagua
70%
MManama
70%
MMbabane
70%
MMuscat
70%
MMuscat
70%
NNicosia
70%
OOslo
70%
OOuagadougou
70%
SSana'a
70%
SStockholm
70%
SStockholm
70%
TTehran
70%
AAbu Dhabi
65%
AAccra
65%
AAddis Ababa
65%
AAndorra la Vella
65%
AAntananarivo
65%
HHarare
65%
LLibreville
65%
MManila
65%
NNicosia
65%
NNicosia
65%
PPretoria
65%
TTegucigalpa
65%
AAccra
61%
AAshgabat
61%
CCastries
61%
DDjibouti
61%
SSana'a
61%
VValletta
61%
VValletta
61%
YYamoussoukro
61%
AAbuja
57%
AAntananarivo
57%
AAstana
57%
BBangui
57%
DDakar
57%
LLilongwe
57%
MMalabo
57%
MMale
57%
RRabat
57%
RRiyadh
57%
MMogadishu
52%
MMoroni
52%
NNairobi
52%
NNairobi
52%
NNouakchott
52%
RRiyadh
52%
TTripoli
52%
AAlgiers
48%
BBujumbura
48%
NNassau
48%
NNgerulmud
48%
SSao Tome
48%
BBrazzaville
39%
LLjubljana
39%
RReykjavik
39%

Score Distribution

Percentile by Number Answered

Percent of People with Each Score

Your Score History

You have not taken this quiz